|
|
|
|
| LEADER |
00000caa a22000002c 4500 |
| 001 |
1639604944 |
| 003 |
DE-627 |
| 005 |
20250321231644.0 |
| 007 |
tu |
| 008 |
160223s1999 xx ||||| 00| ||eng c |
| 035 |
|
|
|a (DE-627)1639604944
|
| 035 |
|
|
|a (DE-576)455922861
|
| 035 |
|
|
|a (DE-599)BSZ455922861
|
| 040 |
|
|
|a DE-627
|b ger
|c DE-627
|e rakwb
|
| 041 |
|
|
|a eng
|
| 100 |
1 |
|
|a Douglas, Kevin S.
|0 (DE-588)1063913853
|0 (DE-627)812692357
|0 (DE-576)423269682
|4 aut
|
| 109 |
|
|
|a Douglas, Kevin S.
|a Douglas, Kevin
|
| 245 |
1 |
4 |
|a The HCR-20 violence risk assessment scheme: concurrent validity in a sample of incarcerated offenders
|c Kevin S. Douglas, Christopher D. Webster
|
| 264 |
|
1 |
|c 1999
|
| 336 |
|
|
|a Text
|b txt
|2 rdacontent
|
| 337 |
|
|
|a ohne Hilfsmittel zu benutzen
|b n
|2 rdamedia
|
| 338 |
|
|
|a Band
|b nc
|2 rdacarrier
|
| 700 |
1 |
|
|8 1\p
|a Webster, Christopher D.
|d 1936-
|0 (DE-588)12065542X
|0 (DE-627)704900009
|0 (DE-576)163494614
|4 aut
|
| 773 |
0 |
8 |
|i In
|t Criminal justice and behavior
|d Thousand Oaks, Calif. [u.a.] : Sage Publ., 1974
|g 26(1999), 1, Seite 3-19
|w (DE-627)166550876
|w (DE-600)221215-8
|w (DE-576)015017524
|x 0093-8548
|7 nnas
|
| 773 |
1 |
8 |
|g volume:26
|g year:1999
|g number:1
|g pages:3-19
|
| 883 |
|
|
|8 1\p
|a cgwrk
|d 20250301
|q DE-101
|u https://d-nb.info/provenance/plan#cgwrk
|
| 935 |
|
|
|a mkri
|
| 951 |
|
|
|a AR
|
| ELC |
|
|
|b 1
|
| LOK |
|
|
|0 000 xxxxxcx a22 zn 4500
|
| LOK |
|
|
|0 001 3300395399
|
| LOK |
|
|
|0 003 DE-627
|
| LOK |
|
|
|0 004 1639604944
|
| LOK |
|
|
|0 005 20251111133514
|
| LOK |
|
|
|0 008 160208||||||||||||||||ger|||||||
|
| LOK |
|
|
|0 040
|a DE-21-110
|c DE-627
|d DE-21-110
|
| LOK |
|
|
|0 689
|a s
|a Gefährlichkeitsprognose
|
| LOK |
|
|
|0 689
|a s
|a Methodologie
|
| LOK |
|
|
|0 852
|a DE-21-110
|
| LOK |
|
|
|0 852 1
|m p
|9 00
|
| LOK |
|
|
|0 935
|a k110
|
| LOK |
|
|
|0 938
|k p
|
| LOK |
|
|
|0 939
|a 08-02-16
|b l01
|
| ORI |
|
|
|a SA-MARC-krimdoka001.raw
|